Statistiques concernant Palmarès de la Coupe du Monde de football (30s)

Cliquez ici pour prendre le quiz!

Statistiques générales

  • Ce quiz a été pris 609 fois
    (487 depuis la dernière actualisation)
  • Le résultat moyen est 21 sur 22

Statistiques - réponses

AnnéeNations% Correct
1962Brésil
99%
1958Brésil
99%
1970Brésil
99%
2002Brésil
99%
1994Brésil
99%
1998France
99%
2018France
99%
2014Allemagne
97%
1954Allemagne
97%
1974Allemagne
97%
1990Allemagne
97%
2022Argentine
97%
1978Argentine
97%
1986Argentine
97%
2006Italie
95%
1982Italie
95%
1934Italie
95%
1938Italie
95%
1950Uruguay
94%
1930Uruguay
94%
2010Espagne
93%
1966Angleterre
81%

Distribution des résultats

Percentile par nombre de réponses

% des personnes avec chaque résultat

Votre développement - résultats

Vous n’avez pas pris ce quiz depuis la dernière actualisation